000 00829nam a2200217 i 4500
001 bg
245 0 0 _aHistoria literatury amerykańskiej XX wieku.
_nT. 2 /
_cred. Agnieszka Salska.
260 _aKraków :
_bTowarzystwo Autorów i Wydawców Prac Naukowych "Universitas",
_ccop. 2003.
300 _a814 s., [20] s. tabl. :
_bfaks., fot., portr. ;
_c24 cm.
504 _aBibliogr. s. 751-776. Indeks.
650 9 _aLiteratura amerykańska
_xhistoria
_yod 1945 r.
700 1 _aSALSKA, Agnieszka.
_eRed.
020 _a8324202978 (2 t.)
040 _cBPK
041 0 _apol
080 _a821.111(73)(091)"1945/..."
920 _a83-242-0297-8 (2 t.)
942 _cKS
008 s pl f |000 0 pol
999 _c43798
_d43798
856 _uhttp://koha.tu.koszalin.pl/cgi-bin/koha/opac-detail.pl?biblionumber=43798
_yKatalog online BPK